Médias d'information en France - Statistiques

Statistiques générales
  • Ce quiz a été pris 323 fois
  • Le résultat moyen est 13 sur 32
Statistiques - réponses
Hint Réponse % Correct
Chaine de télévision nationale BFM TV
79%
Chaine de télévision nationale C NEWS
75%
Journal quotidien national gratuit C NEWS
75%
Journal quotidien national Le Figaro
75%
Journal quotidien national Le Monde
75%
Radio nationale France Inter
71%
Chaine de télévision et radio nationale France Info
69%
Radio nationale RTL
66%
Journal quotidien national Le Parisien
61%
Chaine de télévision nationale LCI
59%
Journal quotidien national Libération
59%
Radio nationale Europe 1
58%
Radio nationale RMC
48%
Chaine de télévision nationale et internationale France 24
38%
Radio nationale France Bleu
35%
Journal hebdomadaire national Le Canard Enchainé
34%
Journal quotidien national L'humanité
31%
Journal quotidien national gratuit 20 minutes
27%
Magazine hebdomadaire national Le Point
27%
Journal quotidien national Les Échos
25%
Journal hebdomadaire national Charlie Hebdo
24%
Magazine hebdomadaire national Valeurs actuelles
22%
Magazine hebdomadaire national Le Journale du Dimanche
21%
Magazine hebdomadaire national L'Express
20%
Radio nationale et internationale RFI
20%
Magazine hebdomadaire national Marianne
18%
Chaine de télévision nationale et internationale TV 5 Monde
18%
Journal hebdomadaire national et international Courrier international
15%
Radio nationale Sud Radio
10%
Journal quotidien national L'Opinion
6%
Magazine bimensuel national Society
6%
Magazine hebdomadaire national Le Figaro Magazine
3%
Aucun quiz correspondant
Distribution des résultats
% des personnes avec chaque résultat
Percentile par nombre de réponses
Votre historique - résultats
Vous n’avez pas pris ce quiz